Catálogo
 En Linea

¿Qué es el materialismo dialéctico? / (Registro nro. 38915)

Detalles MARC
000 -CABECERA
campo de control de longitud fija 00478nam a2200157 a 4500
001 - NÚMERO DE CONTROL
campo de control 000039425
005 - FECHA Y HORA DE LA ÚLTIMA TRANSACCIÓN
campo de control 20201002031638.0
008 - DATOS DE LONGITUD FIJA--INFORMACIÓN GENERAL
campo de control de longitud fija 130626s19uu ru 000 0 spa d
040 ## - FUENTE DE LA CATALOGACIÓN
Centro catalogador/agencia de origen DO-SdBNP
Lengua de catalogación spa
Centro/agencia transcriptor BNPHU
100 1# - ENTRADA PRINCIPAL--NOMBRE DE PERSONA
Nombre de persona Yajot, O.
9 (RLIN) 65622
245 10 - MENCIÓN DE TÍTULO
Título ¿Qué es el materialismo dialéctico? /
Mención de responsabilidad, etc. O. Yajot.
260 ## - PUBLICACIÓN, DISTRIBUCIÓN, ETC.
Lugar de publicación, distribución, etc. Moscú :
Nombre del editor, distribuidor, etc. Editorial Progreso,
Fecha de publicación, distribución, etc. [190?].
300 ## - DESCRIPCIÓN FÍSICA
Extensión 252 p ;
Dimensiones 21 cm.
490 1# - MENCIÓN DE SERIE
Mención de serie Manuales de divulgación
500 ## - NOTA GENERAL
Nota general Incluye notas al pie de las páginas
Existencias
Estado de retiro Estado de pérdida Restricciones de uso No para préstamo Código de colección Localización permanente Ubicación/localización actual Ubicación en estantería Fecha de adquisición Número de inventario Total de préstamos Signatura topográfica completa Código de barras Fecha visto por última vez Precio válido a partir de Tipo de ítem Koha
      Excluido de préstamo Monografías: Libros y Folletos General General En catalogación 26.06.2013 LF1   39425-10 25.06.2020 25.06.2020 No se presta

Con tecnología Koha